000 00812nam a2200217 a 4500
001 BRCA_7644
005 20190320205927.0
008 120713s1981----mx-#######---#000-0#spa-#
041 _aspa
044 _amx
050 4 _aN910.M42
_b.O88 1981
100 1 _aOsterc, Ludovik
_918850
245 1 0 _aLos quijotes de la colección Franz Mayer
_cbibliografía crítica recopilada y analizada por Ludovik Osterc.
260 _aMéxico
_bFideicomiso Cultural Franz Mayer
_c1981
300 _a257 p.
_bil.
_c22 cm.
500 _aIncluye resumen de las ediciones de este catálogo
500 _aLa biblioteca cuenta con 7 ejemplares. Un ejemplar presenta deterioro
504 _aBibliografía: p. 257
610 2 4 _aMuseo Franz Mayer (Ciudad de México)
_vBibliografía
_xColecciones particulares
_918851
942 _2lcc
_cB
999 _c7318
_d7318